| 000 | 00349nam a2200145Ia 4500 | ||
|---|---|---|---|
| 008 | 230917s9999||||xx |||||||||||||| ||und|| | ||
| 040 |
_e4245 _aMAIN |
||
| 041 | _aEnglish | ||
| 082 | _a332.45 W169M | ||
| 100 | _aWalshe, Grahame | ||
| 245 | 0 | _aInternational monetary reform | |
| 260 |
_aLondon _bMacmillan _c1971 |
||
| 300 | _a85 p. | ||
| 942 | _cBK | ||
| 999 |
_c119859 _d119859 |
||